书目信息 |
| 题名: |
教你投掷
|
|
| 作者: | 蔡玉文 , 于刚 主编 | |
| 分册: | ||
| 出版信息: | 天津 天津科学技术出版社 2019 |
|
| 页数: | 154页 | |
| 开本: | 19cm | |
| 丛书名: | 健康中国 | |
| 单 册: | ||
| 中图分类: | G824 | |
| 科图分类: | ||
| 主题词: | 投掷项目--tou zhi xiang mu--基本知识 | |
| 电子资源: | ||
| ISBN: | 978-7-5576-5644-7 | |
| 000 | 01200cam 2200277 45 | |
| 001 | 012001003183 | |
| 005 | 20140102130746.0 | |
| 010 | @a978-7-5576-5644-7@dCNY33.00 | |
| 099 | @aCAL 012019066916 | |
| 100 | @a20190523d2018 em y0chiy50 ea | |
| 101 | 0 | @achi |
| 102 | @aCN@b120000 | |
| 105 | @aac z 000yy | |
| 106 | @ar | |
| 200 | 1 | @a教你投掷@Ajiao ni tou zhi@f蔡玉文, 于刚主编 |
| 210 | @a天津@c天津科学技术出版社@d2019 | |
| 215 | @a154页@c图, 肖像@d19cm | |
| 225 | 2 | @a健康中国@Ajian kang zhong guo |
| 330 | @a本文从原地双手头上投掷实心球技术出发,分析原地正面双手头上投掷实心球易犯错误及教学方法,以及教学和训练中需要注意的问题,以期能科学、有效地提高读者实心球的成绩。本书适合不同年龄段和水平的选手,通过阅读读者可以快速掌握基本技战术,了解关键技术,快速提升水平。近50幅高清图片展示技战术要领;连贯照片展示动作从开始到结束的完整动态;照片上使用指向性曲线标注动态及技术要点;所有动作真人实拍、专业运动员展示,正确错误动作对比一目了然。 | |
| 410 | 0 | @12001 @a健康中国 |
| 606 | 0 | @a投掷项目@Atou zhi xiang mu@x基本知识 |
| 690 | @aG824@v5 | |
| 701 | 0 | @a蔡玉文@ACai Yuwen@4主编 |
| 701 | 0 | @a于刚@AYu Gang@4主编 |
| 801 | @b江苏凤凰@c20191020 | |
| 905 | @b1235368-73@dG824@e170@f6 | |
| 教你投掷/蔡玉文, 于刚主编.-天津:天津科学技术出版社,2019 |
| 154页:图, 肖像;19cm.-(健康中国) |
| ISBN 978-7-5576-5644-7:CNY33.00 |
| 本文从原地双手头上投掷实心球技术出发,分析原地正面双手头上投掷实心球易犯错误及教学方法,以及教学和训练中需要注意的问题,以期能科学、有效地提高读者实心球的成绩。本书适合不同年龄段和水平的选手,通过阅读读者可以快速掌握基本技战术,了解关键技术,快速提升水平。近50幅高清图片展示技战术要领;连贯照片展示动作从开始到结束的完整动态;照片上使用指向性曲线标注动态及技术要点;所有动作真人实拍、专业运动员展示,正确错误动作对比一目了然。 |
| ● |
| 相关链接 |
|
|
|
|
正题名:教你投掷
索取号:G824/170
 
预约/预借
| 序号 | 登录号 | 条形码 | 馆藏地/架位号 | 状态 | 备注 |
| 1 | 1235368 | 212353683 | 第一样本阅览室/ [索取号:G824/170] | 在馆 | |
| 2 | 1235369 | 212353692 | 第四借阅区/ [索取号:G824/170] | 在馆 | |
| 3 | 1235370 | 212353709 | 第四借阅区/ [索取号:G824/170] | 在馆 | |
| 4 | 1235371 | 212353718 | 教育系资料室/ [索取号:G824/170] | 在馆 | |
| 5 | 1235372 | 212353727 | 教育系资料室/ [索取号:G824/170] | 在馆 | |
| 6 | 1235373 | 212353736 | 教育系资料室/ [索取号:G824/170] | 在馆 |